000 01254nam a22003617a 4500
003 CHAP
005 20220329135555.0
008 971013s1994 r 00010 d
010 _a38725
011 _a39697
035 _a43822
040 _cCHAP
090 _aTesis
100 0 0 _aMartínez Arellano, Jorge.
_971816
245 _aPatrón de crecimiento de Andropogon gayanus a diferentes niveles de fertilización nitrogenada
260 _aChapingo, Méx. :
_bEl autor,
_c1994
300 _a59 h.
_b: tabls.
502 _aTesis (Ing. Agr. Esp. en Zootecnia) -- UACH. Departamento de Zootecnia
590 _aALEPH
_b10
_c20130110
_lUCH01
_h1304
590 _aBATCH-UPD
_b10
_c20130110
_lUCH01
_h1946
590 _aBATCH-UPD
_b10
_c20130410
_lUCH01
_h1308
590 _aBATCH-UPD
_b10
_c20130914
_lUCH01
_h0330
590 _aCONVERSION
_b10
_c20130109
_lUCH01
_h1322
650 1 4 _aAndropogon gayanus.
_95727
650 1 4 _aFertilizantes nitrogenados.
_940596
650 1 4 _aFertilizantes para pastos.
_940632
650 1 4 _aNitrógeno
_xEfecto en pastos.
_981455
700 0 _aVarela, César Iván.
_9117947
901 _aBK
942 _cFOLL
949 _bBC
_cTES
_d-100227
_eTS1
_h30346
_i43822
_si
949 _bBC
_cTES
_d-100228
_eTS2
_fc.2
_h30347
_i43822
_si
999 _c38725
_d38725